[Event "E World Cup 2021"]
[Site "Chess.com"]
[Date "2021.07.14"]
[Round "?"]
[White "Iordachescu, Viorel"]
[Black "Murzin, Volodar"]
[Result "0-1"]
[WhiteElo "2589"]
[BlackElo "2502"]
[EventDate "2021.??.??"]
[Annotator "Bojkov,Dejan"]
[PlyCount "106"]
[Beauty "6808600844308"]
[EventType "team-tourn"]
[EventCountry "FID"]

{This was one of the most interesting matches of the round, something that can be seen only in chess. Viorel Iordachescu, who has worked as a coach of promising young players in the UAE for many years, faces one of the rising stars of Russian chess Volodar Murzin, who is coached by GM Mikhail Kobalia.} 
1.e4 c6 2.d4 d5 3.e5 {A solid choice in the final game.} 3...Bf5 4.Nf3 e6 5.Be2 Ne7 6.c3 h6 7.O-O Nd7 8.a4 ( {Two other interesting players, a former prodigy and a current one, discussed the consequences of} 8.Nbd2 a5 9.a4 Bh7 10.Nb3 Qb6 11.Ne1 Nf5 12.Nd3 Be7 13.Re1 g5 {in Karjakin,S (2757)-Firouzja,A (2759) Online 2021} ) 8...a5 9.Na3 Bh7 10.Ne1 {A standard maneuver. The knight opens the road for the f-pawn.} 10...Ng6 $146 ( {Black survived after} 10...c5 11.Nb5 Nc6 12.Bd3 Na7 13.Bxh7 Rxh7 14.Nxa7 Rxa7 {However, it was evident that he was suffering after} 15.Be3 ( {And} 15.c4 $5 {seemed very dangerous for Black too.} ) 15...Ra6 16.c4 dxc4 17.Qc2 Rh8 18.Qxc4 Rc6 19.Nf3 cxd4 20.Qxd4 Bc5 21.Qg4 g6 22.Bxc5 Rxc5 {Pranesh,M (2317)-Ghosh,D (2550) New Delhi 2020} ) 11.Bd3 {There were other moves that would have prepared the kingside assault, like} ( 11.f4 $5 ) ( {And} 11.Nac2 $5 ) 11...Be7 12.Nac2 O-O {Murzin finished the development, but has a problem with the lack of space. There are too many black pieces on board, and they are obstructing each other.} 13.g3 {Restricting the mobility of the knight. Iordachescu plans to ramp up the pressure against the enemy position with his h-pawn.} ( 13.f4 {looked even better to me, intending g2-g4 and f4-f5 as soon as possible.} ) 13...c5 14.h4 c4 {In return, Black removes the bishop from its strongest diagonal.} 15.Be2 Nb8 {This manuever, though, seems a bit slow.} ( {The moment was good for central counterplay with} 15...f6 $1 {When} 16.h5 {can be met either with the perspective knight sacrifice} 16...Ngxe5 ( {Or the solid regroupment} 16...Nh8 17.f4 Nf7 {when Black seems OK.} ) 17.dxe5 fxe5 {with interesting play for the piece.} ) 16.Ng2 ( 16.h5 Nh8 17.Ng2 {might have transposed into the game.} ) 16...Nc6 17.h5 Nh8 ( {Now the sacrifice is no longer as appealing:} 17...Ngxe5 18.dxe5 Nxe5 19.Nd4 {As Black's center is not as superior as before.} ) 18.Nce3 Qd7 19.f4 {Finally this pawn makes a move.} ( {However, there was an argument for one last delay:} 19.Bg4 $1 {Then the planned pawn push} 19...f5 {can be met with} ( 19...f6 20.exf6 {is the same.} ) 20.exf6 Rxf6 21.Nf4 {and White is clearly better as the knight greatly benefits from the f4 square.} ) 19...f6 20.exf6 Bxf6 21.Bg4 {Iordachescu continues with the obvious and logical moves, and this allows his young opponent the precious time to bring his pieces back in the game.} ( {The energetic play along the light squares} 21.f5 $1 {would have been the logical follow up of White's kingside attack. Then} 21...Bxf5 ( 21...exf5 $2 22.Nf4 {drops the d5 pawn at once.} ) 22.Nxf5 exf5 23.b3 $1 cxb3 24.Qxb3 {With strong pressure would be clearly favorable for White.} ) 21...Nf7 22.b3 {This is still the best. White keeps some pressure, however his young opponent defends very accurately.} 22...cxb3 23.Qxb3 Ne7 24.Ba3 Be4 25.Qb5 Qc8 $1 {Correct!} ( {Otherwise White dominates in the endgame after} 25...Qxb5 $6 26.axb5 Nd8 27.Bc5 ) 26.Rac1 Ra6 $1 {A nice regroupment. It is time for Black to show some strength and he should be better on the queenside. The backward c3-pawn is an obvious counter-attacking candidate.} 27.Rfe1 {Too slow!} ( {This is the last good moment for} 27.f5 $1 {when} 27...exf5 ( {Therefore} 27...Nd6 {might have been a better defensive try, with blockade after} 28.Bxd6 Rxd6 29.fxe6 ) 28.Bxe7 Bxe7 29.Bxf5 {is better for White.} ) 27...Nd6 28.Qe2 Nef5 {Now Black stabilized almost completely the situation, but there is one more thing that White could have done.} 29.Kh2 ( 29.c4 $5 {was already on the agenda.} ) 29...Rc6 30.Qd2 {Going completely into a passivity.} ( {In blitz (and not only!) one could hardy find the amazing resource} 30.c4 $3 {White gets rid of his weakest pawn while at the same time he unleashes the power of his well-prepared attacking pieces. The concrete argument is the pretty line} 30...dxc4 ( {Therefore Black should defended with} 30...Nxd4 $1 31.Qa2 Bf3 ( {Or} 31...Bf5 {and in both cases the game remains unclear.} ) ) 31.Bxd6 Nxd6 32.d5 $1 {and Black's position collapses.} ) 30...Re8 31.Bxd6 Nxd6 32.Bh3 b5 ( 32...Qc7 $5 {looked good too.} ) 33.Ng4 {A nervous move.} ( {White needed to swap of the pawns first} 33.axb5 $1 Nxb5 34.Ng4 Nd6 35.Nxf6+ gxf6 36.f5 Nf7 37.fxe6 Ng5 {when it would have been unclear.} ) 33...bxa4 34.N2e3 ( 34.Nxf6+ gxf6 35.f5 Nf7 36.fxe6 Ng5 {no longer looks attractive for White without the queenside pawns.} ) 34...Qd8 {Murzin is in full control on the queenside and decides to pay attention to the opposite wing.} ( {Both} 34...a3 $5 ) ( {And} 34...Rb6 $5 {were good as well.} ) 35.Ne5 {Missing a good moment to regroup.} ( {Safer was} 35.Ra1 Qc7 36.Rec1 ) 35...Rb6 {Now Black infiltrates on the queenside.} 36.Ra1 Qb8 37.Re2 Rb1 $1 38.Qa2 Rxa1 ( {Even stronger was} 38...Qb3 $1 {with the idea to meet} 39.Nd7 {with} 39...Rxa1 40.Qxa1 Bxd4 41.cxd4 Qb5 {Double-attack!} ) ( {Or the direct} 38...Qb5 $1 ) 39.Qxa1 Qb3 40.Ra2 {And Iordachescu misses his last amazing chance.} ( {The sudden sacrifice} 40.Bxe6+ $3 Rxe6 41.Rb2 {would have beautifully trapped the black queen as} 41...Qxc3 ( {True, Black's position is so strong now that he can afford sacrificing the queen with} 41...Bxe5 $1 42.dxe5 Nc4 43.Rxb3 axb3 44.Nxc4 dxc4 {when Black is still in command.} ) 42.Rb8+ ) 40...Bxe5 41.dxe5 Nb5 ( {Or even better} 41...Nc4 $1 42.Nxc4 Qxc4 {as the pawn is immune:} 43.Rxa4 Qe2+ 44.Kg1 Qe3+ 45.Kh2 Qf2+ ) 42.Rxa4 d4 $1 {At the end of the day, while the white pieces are busy with the battle against the black passers, Murzin opens the enter and makes it to the white king.} 43.Bf1 Rc8 44.Rc4 Rxc4 45.Bxc4 Qxc3 46.Bxe6+ Kf8 47.Qa4 Qb2+ ( 47...Qd3 $1 48.Ng2 Qc2 {would have won at once instead.} ) 48.Kh3 Qb4 49.Qd1 ( {Perhaps the endgame was a chance:} 49.Qxb4+ axb4 50.Nc4 Ke7 51.Bg8 b3 52.Nb2 Bc2 {although here too, the black passers should decide.} ) 49...Nc3 50.Qd2 Qb1 51.Qxd4 {Now White is mated.} ( {But there was no hope for him in the line} 51.Kh4 Qd3 $1 ( 51...dxe3 52.Qd8# ) ) 51...Qh1+ 52.Kg4 Bf3+ 53.Kf5 Qxh5# 0-1

[Event "Chessable Masters | Prelims"]
[Site "Online"]
[Date "2021.07.31"]
[Round "2"]
[White "Tari, Aryan"]
[Black "Van Foreest, Jorden"]
[Result "1-0"]
[WhiteElo "2639"]
[BlackElo "2688"]
[EventDate "2021.??.??"]
[Annotator "Bojkov,Dejan"]
[PlyCount "75"]
[Beauty "7835094112289"]
[EventType "game"]
[WhiteTeam "Norway"]
[BlackTeam "Netherlands"]
[WhiteTeamCountry "NOR"]
[BlackTeamCountry "NED"]

1.d4 Nf6 2.Nf3 g6 3.c4 Bg7 4.Nc3 d5 5.h3 {A favorite line of German GM Bluebaum, used as well by a number of modern, young grandmasters. White takes control of the important g4-square in advance, thus securing his center.} 5...O-O 6.cxd5 Nxd5 7.e4 Nxc3 8.bxc3 c5 9.Be2 cxd4 ( {The Grunfeld guru chose instead} 9...b5 10.Be3 Bb7 11.Qd3 b4 12.cxb4 cxb4 13.O-O a5 14.Rab1 e6 15.h4 h6 16.Rfd1 Nd7 17.e5 Ba6 18.Qd2 Bxe2 19.Qxe2 Nb6 {and Black did perfectly fine in Bluebaum,M (2672)-Svidler,P (2723) Online 2020} ) 10.cxd4 Nc6 11.Be3 Qa5+ ( {The recent play by another legend (Grunfeld and more!) legend is not convincing:} 11...f5 12.Bc4+ Kh8 13.O-O fxe4 14.Ng5 Nxd4 15.Nf7+ Rxf7 16.Bxf7 Qd6 17.Re1 Bxh3 18.Bxd4 Bxd4 19.Rxe4 e5 20.gxh3 Rf8 21.Rxd4 exd4 22.Bc4 {and Black resigned two moves later in Grischuk,A (2778)-Kasparov,G (2812) Zagreb 2021} ) 12.Bd2 Qa3 13.d5 {The most standard exchange sacrifice in this opening line, which Van Foreest wisely turns down.} 13...Ne5 ( {White's attack unfolds by itself after} 13...Bxa1 14.Qxa1 Nb4 15.O-O f6 16.Rc1 {as a few games have already demonstrated; here is one recent example:} 16...Bd7 17.Rc7 Rfd8 18.Rxb7 a5 19.d6 e5 20.Bc4+ Kg7 21.Nxe5 Nc2 22.Nxd7 Rxd7 23.Rxd7+ {1-0 (23) Quintiliano Pinto,R (2469)-Ozkan,E (2147) Chess.com 2021} ) 14.O-O $1 {This is the latest trend that now scores much better than the old 14.Nxe5 line, according to Megabase.} 14...Bd7 ( {Here too, the exchange sacrifice scores quite well for White, as in the following game:} 14...Nxf3+ 15.Bxf3 Bxa1 16.Qxa1 f6 17.Rb1 Qd6 18.Bb4 Qd8 19.e5 fxe5 20.Qxe5 {with ample compensation for the exchange in Nikolaidis,I (2512)-Erkhembayar,D (2301) Istanbul 2000} ) 15.Rb1 Qxa2 16.Rxb7 $146 {This obvious capture is a novelty.} ( {In a wild email game, Black managed to defend after} 16.Bg5 Ba4 17.Qe1 Bc2 18.Rxb7 Bxe4 19.Nxe5 Bxe5 20.Rxe7 Qxd5 21.Bf3 f5 22.Bxe4 fxe4 23.Qb4 a5 24.Qa4 Bd6 25.Qd7 Rfd8 26.Rg7+ Kf8 27.Bxd8 Rxd8 28.Rf7+ Kg8 29.Qxd8+ Kxf7 30.Qh8 h5 {Gedajlovic, M (2270)-Preotu,R (2487) Online 2021} ) 16...Ba4 {Chasing the queen under attack.} ( {In hindsight} 16...Rfb8 {might have been safer with a somewhat better endgame for White after} 17.Qb1 Nxf3+ 18.gxf3 Qxb1 19.Rfxb1 Be5 20.f4 Bd6 21.e5 Bf5 22.R1b3 Rxb7 23.Rxb7 Bc5 ) 17.Qc1 {Tari does not mind having the queen out. In fact, he sets a nasty trap.} ( {However, there is an argument for} 17.Qe1 $5 {as well, when Black needs to be precise in the defense:} 17...Rab8 18.Rxb8 Rxb8 19.Bf4 Nxf3+ 20.Bxf3 Rb5 $5 {Not letting the white queen on a5.} ) 17...Rfc8 {Van Foreest falls for it!} ( {Correct is to occupy the open file with the other rook:} 17...Rac8 $1 {Then} 18.Qe1 Rc2 19.Rxa7 ( {It is also equal after} 19.Nxe5 Bxe5 20.Bd3 Rb2 $11 ( {But not} 20...Rxd2 $6 21.Bb1 $1 ) ) 19...Nxf3+ 20.Bxf3 Rxd2 21.Rxa4 {Wins a pawn for White, but Black does not experience any problems whatsoever in the opposite-color bishop middlegame with his active bishop:} 21...Qb2 $1 ) 18.Rxa7 $3 {Gotcha! Played without hesitation.} 18...Rxc1 ( {Perhaps there are some chances to survive with=} 18...Nxf3+ 19.Bxf3 Rab8 ) ( {Or the other way to do it} 18...Rab8 19.Rc7 Nxf3+ 20.Bxf3 Bc2 {hoping for the best.} ) 19.Rxa8+ Bf8 20.Bxc1 {This wins material.} ( {Although neater would be the play for checkmate with} 20.Bh6 $3 Rxf1+ 21.Bxf1 Nd7 22.Ne5 f6 ( {Or} 22...Bb3 23.Rd8 $1 {which is the most convincing.} ( {Although White should be able to win even after} 23.Rxa2 Bxa2 ) ( {Or also} 23.Re8 $1 ) ) 23.Nxd7 Kf7 24.Rxf8# ) 20...Nd7 {The mate is saved; however, another pin is about to torture Black.} 21.Bd1 $1 Nb6 22.Ra6 Qc4 ( {Or} 22...Qb1 23.Bxa4 ) 23.Rxb6 Qxc1 24.Bxa4 {Tari has won plenty of material for the queen and quickly converts his advantage.} 24...Qc4 25.Bc6 e6 26.Ne5 Qd4 27.Nd7 Bd6 28.dxe6 fxe6 29.Rb7 ( {Instead} 29.Bd5 $1 exd5 30.Rxd6 {would finish it at once.} ) 29...Qc3 30.Ba4 Kg7 31.e5 Bc7 32.Nf6 {After the knight lands on this perfect outpost, mate becomes certain.} 32...Kh6 33.Ng4+ Kg5 34.f4+ Kh4 35.Rf3 Qc4 36.Kh2 g5 37.g3+ Kh5 38.Be8# 1-0

[Event "Goldmoney Asian Rapid | Knockout"]
[Site "Online"]
[Date "2021.07.02"]
[Round "1.3"]
[White "Carlsen, Magnus"]
[Black "Aronian, Levon"]
[Result "1/2-1/2"]
[WhiteElo "2847"]
[BlackElo "2781"]
[EventDate "2021.??.??"]
[Annotator "Bojkov,Dejan"]
[PlyCount "254"]
[Beauty "2754210724383"]
[EventType "rapid"]

1.e4 e5 2.Nf3 Nc6 3.Bb5 a6 4.Ba4 Nf6 5.O-O Bc5 {A somewhat unexpected choice by Black. One would normally expect the in-depth analyzed Marshall Attack by Aronian.} 6.c3 b5 7.Bb3 d6 8.a4 Bb7 ( {Aronian has some pleasant memories from last week from this game:} 8...Rb8 9.d4 Bb6 10.a5 Ba7 11.h3 Bb7 12.Be3 Nxe4 13.d5 Bxe3 14.dxc6 Nxf2 15.Qe2 Nxh3+ 16.Kh1 Nf2+ 17.Rxf2 Bxf2 18.cxb7 Ba7 {Vachier-Lagrave,M (2760)-Aronian,L (2781) Paris 2021; however, one cannot expect this to be repeated without a thorough examination by the world champion as White.} ) 9.d4 Bb6 10.Bg5 O-O 11.axb5 axb5 12.Rxa8 Bxa8 13.d5 Na5 14.Ba2 {The black pieces are obviously misplaced, and he already finds it hard to defend against the simple threat Nb1-a3!} 14...c6 $146 {All of this was practically blitzed by Aronian, including this novelty. However, it seems as he somehow mixed his opening lines.} ( {White was doing more than fine after} 14...h6 15.Bxf6 Qxf6 16.Na3 c6 17.b4 Nc4 18.Bxc4 bxc4 19.Nxc4 Bc7 20.Ne3 {Lubas,J (2061)-Alonso,R (970) LSS email 2014} ) 15.Na3 {Now, how to defend the queenside?} 15...cxd5 16.Bxd5 $1 {Of course! Carlsen needs this square for his pieces.} 16...b4 {At last Aronian thinks. And he thinks heavily. In fact, he spent almost all his time on the clock. What was he thinking about? Probably he was just trying to convince himself that it is worth to continue playing a bit more...} ( {After} 16...Bxd5 17.Bxf6 Qxf6 18.Qxd5 {Black is strategically lost.} ) 17.cxb4 Nc6 18.Nc4 {White is winning. He is up a pawn, and on top of that has indisputable positional advantage.} 18...Bc7 19.b5 {Obvious and good.} ( {Although there was a concrete way to wrap up the game with} 19.Bxf6 Qxf6 20.Qa4 {And the double attack against the black pieces decides. Perhaps Carlsen feared} 20...Nd4 21.Bxa8 Nxf3+ 22.gxf3 Qxf3 {But the retreat} 23.Ne3 $1 {keeps everything under control.} ) 19...Ne7 20.Bxf6 gxf6 21.Bxa8 Qxa8 22.b6 Bb8 23.Nfd2 {The weak black king is added to Black's problems. Aronian goes for the desperate} 23...f5 $1 24.exf5 d5 ( {Rather than} 24...Nxf5 25.Qg4+ Ng7 26.Ne3 f5 27.Qc4+ Kh8 28.Qd5 {when Black cannot even hope to muddy the waters.} ) 25.f6 {Once again good enough for a win.} ( {The alternative is the explosive attack after} 25.Qg4+ Kh8 26.f6 Ng6 {And now the beautiful} 27.Nf3 $3 dxc4 28.Ng5 Kg8 $1 {A cunning defensive move that sets a final trap. White still needs to be careful and choose either} 29.Nxh7 $1 {with winning attack.} ( {But just not the obvious} 29.Qh5 {when} 29...Qxg2+ $3 {would be a very, very cold shower for White.} ) ( {or} 29.g3 $1 {wins as well, preventing the sacrifice from above.} ) ) 25...Ng6 26.Ne3 ( {Here too the direct attack would have finished the job} 26.Qh5 $1 Kh8 27.Nf3 dxc4 28.Qh6 $1 {Stepping off of the explosive square.} ( {Again not} 28.Ng5 $2 Qxg2+ $1 ) 28...Rg8 29.Ng5 {and Black has no defense.} ) 26...Qc6 27.Qf3 ( {Stronger is} 27.Qh5 $1 {with the idea} 27...Qxf6 28.Nxd5 ) 27...Rd8 {Aronian got what he wanted. He might still be losing, but he prolonged the game, unbalanced it, and even managed to drain the opponent's time.} 28.g3 ( {Missing the nice ambush} 28.Rd1 $1 Qxb6 ( 28...e4 {is met, of course, with} 29.Nxe4 ) 29.Nxd5 {when the win is very close.} ) 28...Qxb6 ( {There is also} 28...e4 29.Qf5 d4 30.Ng4 {but White still stands close to the win.} ) 29.Nxd5 {Carlsen goes for a very concrete and strong attacking sequence.} ( {The other way to attack is positional. The queen could be transferred to striking distance from the enemy king with} 29.Qf5 Qe6 30.Qg5 e4 31.Ng4 {Then} 31...Be5 {requires once more super-precision by White:} 32.h4 {is obvious but does not win after} ( {The preliminary} 32.f4 $3 {is the way to do it, for example} 32...exf3 33.Nxf3 Bxb2 34.h4 h5 35.Qxh5 Bxf6 36.Ng5 $1 Bxg5 37.Qxg5 ) 32...h5 $3 {A spoiler!} 33.Qxh5 Bxf6 ) 29...Qe6 30.Ne7+ Nxe7 31.fxe7 Rxd2 {Take what you can; think about the consequences later!} ( {There are no chances at all after} 31...Qxe7 32.Ne4 ) 32.Qe3 Rd4 33.Qg5+ Kh8 {The pawn is almost a queen; the black king is almost mated. The world champion needs his rook and needs it now.} 34.Rc1 {Ugh, not the right square.} ( 34.Ra1 $3 {Would have done the job! For example} 34...f6 ( {Or my favorite line} 34...Rb4 35.Ra6 $1 {The rook finds a very original way into the enemy camp} 35...Qd7 36.Qf6+ Kg8 {And now the unthinkable} 37.Re6 $3 Qe8 38.Qg5+ Kh8 39.Rh6 {and the super-rook makes it to the black king!} ) ( {Please notice that the idea from the next note} 34...h6 {would not work here due to} 35.Qxh6+ Qxh6 36.e8=Q+ ) 35.Qxf6+ Qxf6 36.e8=Q+ {winning with the two extra pawns.} ) ( {Carlsen is correctly not forcing anything yet} 34.Qf6+ Qxf6 35.e8=Q+ Kg7 36.Qxb8 Qf5 {as the black major pieces are too active.} ) 34...Bd6 ( {Aronian misses a golden chance} 34...h6 $3 {is now excellent defense as after} 35.Qxh6+ ( {Therefore, Carlsen would have needed to revert to the forcing line from above with} 35.Qf6+ $1 Qxf6 36.e8=Q+ Kg7 37.Qxb8 Rd2 {although here too Black has very good defensive chances as we know.} ) 35...Qxh6 36.e8=Q+ Kg7 {The white rook hangs.} ) 35.Ra1 $1 {To the right file! Now Aronian is forced to part with his bishop.} 35...Rb4 36.Ra8+ Rb8 37.Rxb8+ Bxb8 38.Qf6+ Qxf6 39.e8=Q+ Kg7 40.Qxb8 Qf5 {The game enters its technical part, and at first Carlsen's technique is impeccable.} 41.h4 $1 {As the white king needs room to avoid the perpetual check.} 41...Qe4 42.Qb6 Qe1+ 43.Kh2 Qd2 $1 {Aronian keeps the opponent's pieces busy, constantly hitting the enemy pawns and threatening to push the e-pawn at the proper moment and trade it in return for the outside passer.} 44.b3 {Careful, slow motion.} ( {Although} 44.b4 e4 45.b5 Qd3 {might have also won, especially if White avoids} 46.Qc5 ( {And chooses instead} 46.g4 $3 ) 46...e3 $1 ) 44...h6 45.Qe3 Qb2 46.g4 $1 {Excellent! Carlsen knows that he needs the king on the queenside.} ( 46.Kg2 $5 {Intending to move all the way to b5 with the king also makes perfect sense.} ) 46...e4 47.h5 Qe5+ 48.Kg2 Qe6 49.Kh3 Qd5 50.Qc3+ Kg8 51.Qe3 ( {Too much optimism might easily turn the tables, especially with queens and passers alive} 51.b4 $4 Qd3+ ) 51...Kg7 52.b4 Qc4 53.Qc5 Qd3+ 54.Kh2 Qd2 55.Kg3 Qd3+ 56.Qe3 {In the time scramble, the world champion not only misses a chance to complete his plan but blunders his future queen.} ( 56.Kf4 $3 {is the way to do it} 56...Qf3+ 57.Ke5 Qxg4 58.b5 {and this pawn should decide the outcome of the game.} ) 56...Qd6+ 57.Qf4 Qxb4 {The key pawn is gone and with it the winning chances!} 58.g5 hxg5 59.Qxg5+ Kh7 60.Qf5+ Kg7 61.Qe5+ Kh7 62.Qf6 Qf8 63.Kh4 Qg8 64.Qf5+ Kh8 65.Qxe4 {This one is of little significance, and despite his prolonged efforts Carlsen had to split the pawn at the end} 65...Qd8+ 66.Kg4 Qb6 67.Qf4 Kg7 68.Qe3 Qb4+ 69.Kh3 Qb2 70.Qg5+ Kh7 71.Qf4 Kg7 72.Kh4 Qb6 73.Qe3 Qb4+ 74.f4 Kh7 75.Kg5 Qd6 76.Qe5 Qd8+ 77.Qf6 Qg8+ 78.Kh4 Qf8 79.Qf5+ Kh6 80.Qg5+ Kh7 81.Qf6 Qe8 82.Qf5+ Kh6 83.Qe5 Qf8 84.Qf6+ Kh7 85.Kg4 Qg8+ 86.Qg5 Qe8 87.Qf5+ Kh6 88.Qe5 Qc8+ 89.Kh4 Qf8 90.Qg5+ Kh7 91.Kg4 Qd6 92.Qf5+ Kh6 93.Kh4 Qf8 94.Qe5 Kh7 95.Kg5 Qh6+ 96.Kg4 Qc6 97.Kf5 Qh6 98.Qe2 Kg7 99.Kg4 Qc6 100.Qb2+ Kh7 101.Qe5 Qb6 102.Qe1 Qc6 103.Qb1+ Kg7 104.Qb2+ Kh7 105.Qd4 Qc8+ 106.f5 Qg8+ 107.Kf4 Qb8+ 108.Qe5 Qd8 109.f6 Qd2+ 110.Kg3 Qd3+ 111.Kh4 Qc4+ 112.Kg5 Qc1+ 113.Qf4 Qg1+ 114.Kf5 Qb1+ 115.Kg4 Qg1+ 116.Kh4 Qh1+ 117.Kg5 Qg2+ 118.Qg4 Qd2+ 119.Qf4 Qg2+ 120.Kf5 Qd5+ 121.Kg4 Qg2+ 122.Qg3 Qe4+ 123.Kg5 Qd5+ 124.Kh4 Qd4+ 125.Kg5 Qd5+ 126.Kh4 Qd4+ 127.Kg5 Qd5+ {The games between these two remarkable players of our time are never ever boring!} 1/2-1/2